000 01324nam0a2200337 4500
001 RU\NLR\bibl\1228287
005 20250615113507.0
010 _a978-5-9680-0056-9
_93000
035 _a(NLR Aleph) 001214576
090 _a99594
_c99594
100 _a20080519d2007 |||y0rusy50 ca
101 0 _arus
102 _aRU
105 _aa |||||||||
200 1 _aРыцари Нового Света
_fАндрей Кофман
210 _aМосква
_cПан пресс
_d2007
215 _a193, [3] с.
_cил., карт.
_d27
300 _aНа 4-й с. обл. авт.: Кофман А.Ф. - д.филол.н., лауреат нац. премии в обл. дет. лит.
320 _aБиблиогр.: с. 192-194 и в подстроч. прим.
320 _aДр. произведения авт. на 4-й с. обл.
607 _aАмерика
_xИстория
_9966031
_3RU\NLR\auth\6642691
607 _aАмерика
_xОткрытие и исследования испанцами
_92438460
_3RU\NLR\auth\661450840
686 _aТ3(7)4-05
686 _aД890(7)023
700 1 _aКофман
_bА. Ф.
_gАндрей Федорович
_4070
801 0 _aRU
_bNLR
_c20080519
_gRCR
801 1 _aRU
_bNLR
_c20080519
830 _aАвт. по кн.
942 _cBOOK
980 _aNB